00701nam a2200169Ia 4500001001000000003000500010008004100015010001100056040000900067100003600076245021500112260003500327300001000362502008700372650002200459710005000481Para_1150CHAP220125s1997 xx 000 0 und d a199876 cCHAP aAscención Betanzos, Guadalupe aMateriales organicos solos e incorporados a suelos con diferentes niveles de humedad como sustratos de pupación para Anastrepha ludens (Loew), (Dipera :b Tetphritidae) /c por Guadalupe Ascención Betanzos aChapingo, Méx. :b El autor a50 h. aTesis (Ing. Agr. Esp. en Parasitología Agrícola), UACh. Depto. Parasitología aAnastrepha ludens aUACh. Departamento Parasitología Agrícola